ՄԱՅՐ ԱԹՈՌ ՍՈՒՐԲ ԷՋՄԻԱԾԻՆ

«ՎԱՉԵ ԵՎ ԹԱՄԱՐ ՄԱՆՈՒԿՅԱՆ» ՄԱՏԵՆԱԴԱՐԱՆ

A resurvey of hebrew tenses with an appendix hebrew influence on biblical aramaic / (Record no. 72127)

MARC details
000 -LEADER
fixed length control field 00844nam a22002417a 4500
003 - CONTROL NUMBER IDENTIFIER
control field SEM
005 - DATE AND TIME OF LATEST TRANSACTION
control field 20220608074940.0
008 - FIXED-LENGTH DATA ELEMENTS--GENERAL INFORMATION
fixed length control field 220120s1951 it ||||gr|||||00| 0 eng|d
040 ## - CATALOGING SOURCE
Original cataloging agency SEM
Transcribing agency SEM
041 ## - LANGUAGE CODE
Language code of text/sound track or separate title eng
080 ## - UNIVERSAL DECIMAL CLASSIFICATION NUMBER
Universal Decimal Classification number 809.245/B-64
100 ## - MAIN ENTRY--PERSONAL NAME
Personal name Blake Frank R.
245 ## - TITLE STATEMENT
Title A resurvey of hebrew tenses with an appendix hebrew influence on biblical aramaic /
Statement of responsibility, etc. Blake Frank R.
260 ## - PUBLICATION, DISTRIBUTION, ETC.
Place of publication, distribution, etc. Roma :
Name of publisher, distributor, etc. Pontificium institutum biblicum,
Date of publication, distribution, etc. 1951.
300 ## - PHYSICAL DESCRIPTION
Extent XII+78 p. ;
Other physical details 25 cm
490 ## - SERIES STATEMENT
Series statement Scripta pontificii instituti biblici
Volume/sequential designation 103
500 ## - GENERAL NOTE
General note Reeditio photomechanica (1968).
500 ## - GENERAL NOTE
General note Dedicated to professor william F. Albright archaeologist, historian, linguist on the occasiion of his sixtieth birthday.
650 ## - SUBJECT ADDED ENTRY--TOPICAL TERM
Topical term or geographic name entry element Hebrew
653 ## - INDEX TERM--UNCONTROLLED
Uncontrolled term ՍԷՄ
830 ## - SERIES ADDED ENTRY--UNIFORM TITLE
Uniform title Scripta pontificii instituti biblici
Version 103
942 ## - ADDED ENTRY ELEMENTS (KOHA)
Source of classification or shelving scheme Universal Decimal Classification
Koha item type Գրքեր/Books
Holdings
Withdrawn status Lost status Source of classification or shelving scheme Damaged status Not for loan Collection code Home library Current library Date acquired Cost, normal purchase price Inventory number Total Checkouts Full call number Barcode Date last seen Price effective from Koha item type Public note
    Universal Decimal Classification     Գրապահոց Մայր Աթոռ Սուրբ Էջմիածին «Վաչե և Թամար Մանուկյան» Մատենադարան Մայր Աթոռ Սուրբ Էջմիածին «Վաչե և Թամար Մանուկյան» Մատենադարան 21/01/2022 1200.00 E-5477   809.245/B-64 E-5477 21/01/2022 21/01/2022 Գրքեր/Books Սպասարկվում է ընթերցասրահ